Directorio de organismos vinculados con el medio ambiente y el manejo de recursos naturales.

I tiakina i:
Ngā taipitopito rārangi puna kōrero
Kaituhi rangatōpū: México. Presidencia de la República Secretaría de Medio Ambiente, Recursos Naturales y Pesca (SEMARNAP)
Hōputu: Pukapuka
Reo:Pāniora
Ngā marau:
Ngā Tūtohu: Tāpirihia he Tūtohu
Kāore He Tūtohu, Me noho koe te mea tuatahi ki te tūtohu i tēnei pūkete!

MARC

LEADER 00000cam^a2200000uu^4500
001 000465453
005 20250521000000.0
008 050901s1998^^^^^^^^^^^^rc^r^^000^0^spa^d
009 20260310124400.763
022 |a 9688173711 
035 |a FCE 000008076 
035 |a FCE 031493 
037 |a Acervo ITESO - Biblioteca 
041 |a spa 
082 0 4 |a 333.7 025  |b SEMd 
110 |a México. Presidencia de la República  |b Secretaría de Medio Ambiente, Recursos Naturales y Pesca (SEMARNAP) 
245 1 0 |a Directorio de organismos vinculados con el medio ambiente y el manejo de recursos naturales. 
264 |a México :  |b SEMARNAP : PNUD,  |c 1998. 
300 |a 165 p. 
336 |a texto  |b txt  |2 rdacontenido 
337 |a sin mediación  |b n  |2 rdamedio 
338 |a volumen  |b nc  |2 rdasoporte 
649 |a XX 
650 |a Directorio 
650 |a Medio ambiente 
650 |a Recursos naturales 
650 |a Organismos de planificación 
910 |a Fondo Centro de Estudios Educativos 
920 |a Impresos - Libros 
930 |a Fondos Especiales 
905 |a 133 
901 |a ALE031493  |b IT2  |c CEE  |u 20250521 
902 |a https://opac.biblio.iteso.mx/vufind/Record/000465453